Dumbed Down Disney Movie Titles - Statistics

General Stats
  • This quiz has been taken 29,580 times
  • The average score is 13 of 18
Answer Stats
Real Title % Correct
SEVEN LITTLE MEN HELP A GIRL Snow White and the Seven Dwarfs
99%
THE WONDERFUL ELEPHANT WHO COULD REALLY FLY Dumbo
98%
THE WOODEN BOY WHO BECAME REAL Pinocchio
98%
THE LITTLE DEER WHO GREW UP Bambi
97%
THE GIRL WITH THE SEE-THROUGH SHOES Cinderella
95%
PUPPIES TAKEN AWAY One Hundred and One Dalmatians
92%
THE AMAZING FLYING CHILDREN Peter Pan
86%
TWO DOGS IN LOVE Lady and the Tramp
85%
A BOY, A BEAR AND A BIG BLACK CAT The Jungle Book
83%
THE GIRL IN THE IMAGINARY WORLD Alice in Wonderland
79%
ARISTOCATS The Aristocats
74%
ROBIN HOOD WITH ANIMALS Robin Hood
71%
THE GIRL WHO SEEMED TO DIE Sleeping Beauty
69%
A FOX AND A HOUND ARE FRIENDS The Fox and the Hound
62%
COLOR AND MUSIC Fantasia
46%
TWO MICE SAVE A GIRL The Rescuers
37%
THE BOY WHO WOULD BE KING The Sword in the Stone
36%
THE EVIL BONEHEAD The Black Cauldron
13%
No matching quizzes found
Score Distribution
Percent of People with Each Score
Percentile by Number Answered
Your Score History
You have not taken this quiz